<?xml version="1.0" encoding="UTF-8"?>
<record
    xmlns:xsi="http://www.w3.org/2001/XMLSchema-instance"
    xsi:schemaLocation="http://www.loc.gov/MARC21/slim http://www.loc.gov/standards/marcxml/schema/MARC21slim.xsd"
    xmlns="http://www.loc.gov/MARC21/slim">

  <leader>00645nam a22001817a 4500</leader>
  <controlfield tag="005">20220217160936.0</controlfield>
  <controlfield tag="008">220217b           ||||| |||| 00| 0 eng d</controlfield>
  <datafield tag="040" ind1=" " ind2=" ">
    <subfield code="c">AIMIT LIBRARY</subfield>
  </datafield>
  <datafield tag="082" ind1=" " ind2=" ">
    <subfield code="2">1st.</subfield>
    <subfield code="a">331.8</subfield>
    <subfield code="b">KHAV</subfield>
  </datafield>
  <datafield tag="100" ind1=" " ind2=" ">
    <subfield code="a">Kharbanda, V K.</subfield>
    <subfield code="9">20642</subfield>
  </datafield>
  <datafield tag="245" ind1=" " ind2=" ">
    <subfield code="a">New industrial and labour codes /</subfield>
    <subfield code="c">By V.K. Kharbanda and Vipul Kharbanda,</subfield>
  </datafield>
  <datafield tag="260" ind1=" " ind2=" ">
    <subfield code="a">Allahabad :</subfield>
    <subfield code="b">Law Publishing House ,</subfield>
    <subfield code="c">2121.</subfield>
  </datafield>
  <datafield tag="300" ind1=" " ind2=" ">
    <subfield code="a">380p. ;</subfield>
    <subfield code="c">24 cm.</subfield>
  </datafield>
  <datafield tag="650" ind1=" " ind2=" ">
    <subfield code="a">Industrial relations code 2020.</subfield>
    <subfield code="9">20643</subfield>
  </datafield>
  <datafield tag="650" ind1=" " ind2=" ">
    <subfield code="a">Occupational safety health and working conditions code 2020.</subfield>
    <subfield code="9">20649</subfield>
  </datafield>
  <datafield tag="700" ind1=" " ind2=" ">
    <subfield code="a">Kharbanda, Vipul.</subfield>
    <subfield code="9">20644</subfield>
  </datafield>
  <datafield tag="942" ind1=" " ind2=" ">
    <subfield code="2">ddc</subfield>
    <subfield code="c">BK</subfield>
    <subfield code="e">1st.</subfield>
    <subfield code="k">331.8 KHAV</subfield>
  </datafield>
  <datafield tag="999" ind1=" " ind2=" ">
    <subfield code="c">221553</subfield>
    <subfield code="d">221553</subfield>
  </datafield>
  <datafield tag="952" ind1=" " ind2=" ">
    <subfield code="0">0</subfield>
    <subfield code="1">0</subfield>
    <subfield code="2">ddc</subfield>
    <subfield code="4">0</subfield>
    <subfield code="7">0</subfield>
    <subfield code="8">MBA</subfield>
    <subfield code="a">AIMIT</subfield>
    <subfield code="b">AIMIT</subfield>
    <subfield code="d">2022-02-17</subfield>
    <subfield code="e">Biblios Book Point</subfield>
    <subfield code="g">790.00</subfield>
    <subfield code="i">Bill no:5841; Bill dt:2022-02-14</subfield>
    <subfield code="l">2</subfield>
    <subfield code="o">331.8 KHAV</subfield>
    <subfield code="p">MBA14271</subfield>
    <subfield code="r">2025-07-21 00:00:00</subfield>
    <subfield code="s">2023-12-11</subfield>
    <subfield code="v">632.00</subfield>
    <subfield code="w">2022-02-16</subfield>
    <subfield code="y">BK</subfield>
  </datafield>
</record>
